000
00338nam a22001457a 4500
008
221014b ||||| |||| 00| 0 eng d
020
_a
9781605478555
041
_a
eng
080
_2
SIXTH EDITION
_a
610.73
082
_a
610.73
100
_a
5
101
_a
INF
245
_a
COMMUNITY AS PARTNER NURSING
_c
ANDERSON E
942
_2
udc
_c
BK
999
_c
58554
_d
58554